Klárafalva és Ferencszállás régészeti topográfiája

Elmentve itt :
Bibliográfiai részletek
Szerző: Gál Éva
További közreműködők: Trogmayer Ottó (Témavezető)
Dokumentumtípus: Szakdolgozat
Megjelent: 1984
Tárgyszavak:
Online Access:http://diploma.bibl.u-szeged.hu/55350
LEADER 00542nta a2200157 i 4500
001 dipl55350
005 20160203084239.0
008 160203s1984 hu om 0|| hun d
040 |a SZTE Diploma Repozitórium  |b hun 
041 |a hun 
100 1 |a Gál Éva 
245 1 0 |a Klárafalva és Ferencszállás régészeti topográfiája  |h [elektronikus dokumentum] /  |c Éva Gál 
260 |c 1984 
650 4 |a Bölcsészettudományok 
700 1 |a Trogmayer Ottó  |e ths 
856 4 0 |u http://diploma.bibl.u-szeged.hu/id/eprint/55350/1/1984_gal_eva.pdf  |z Dokumentum-elérés